000 00387nam a2200145Ia 4500
008 210210b1966 xxu||||| |||| 00| 0 eng d
082 _a294.55 KRIP
100 _aKRISHNA RAO (M V).
245 _aPurandara and the haridasa movement.
260 _aDharwar.
_bKarnataka University.,
_c1966
300 _a2xi,42
650 _aPurandara, Haridasa
690 _aHinduism
906 _a034411
999 _c84988
_d84988